Państwa, których liderzy złożyli wizytę w Polsce - Statystyki

Ogólne statystyki
  • Ten quiz został rozwiązany 479 razy
  • Średni wynik to 59 z 86
Statystyki odpowiedzi
Państwo % Poprawnych
A Austria
90%
F Francja
90%
C Czechy
89%
B Belgia
88%
H Hiszpania
87%
L Litwa
87%
R Rosja
87%
A Australia
86%
E Estonia
86%
Ł Łotwa
86%
C Chiny
85%
F Finlandia
85%
S Stany Zjednoczone
85%
U Ukraina
85%
A Albania
84%
B Białoruś
84%
J Japonia
84%
S Szwecja
83%
A Andora
82%
B Brazylia
82%
G Grecja
82%
H Holandia
82%
I Indie
82%
K Kanada
82%
D Dania
81%
I Irlandia
81%
N Niemcy
81%
S Słowacja
81%
C Chorwacja
80%
N Norwegia
80%
K Korea Południowa
79%
P Portugalia
79%
I Islandia
78%
T Turcja
78%
W Wielka Brytania
78%
B Bułgaria
77%
I Iran
77%
I Irak
76%
S Słowenia
76%
A Armenia
74%
A Azerbejdżan
74%
I Izrael
74%
M Meksyk
74%
W Watykan
74%
I Indonezja
73%
L Luksemburg
73%
W Włochy
73%
E Egipt
72%
S Serbia
71%
B Bośnia i Hercegowina
70%
G Gruzja
70%
A Arabia Saudyjska
69%
K Kazachstan
69%
K Kosowo
69%
M Mołdawia
69%
R Rumunia
69%
L Liechtenstein
68%
C Czarnogóra
67%
S Szwajcaria
67%
W Węgry
67%
M Macedonia Północna
65%
C Chile
63%
M Monako
63%
R Republika Południowej Afryki
63%
K Korea Północna
58%
M Malta
56%
M Mongolia
55%
A Angola
54%
P Peru
54%
T Tunezja
52%
P Pakistan
51%
K Kuba
50%
W Wietnam
50%
E Etiopia
48%
N Niger
45%
U Uzbekistan
45%
K Katar
44%
N Nigeria
44%
Z Zambia
42%
M Malezja
41%
P Panama
34%
M Mali
31%
S Singapur
24%
S Senegal
23%
T Tanzania
21%
K Komory
6%
Nie znaleziono quizów pasujących do podanych kryteriów
Rozkład punktacji
Procent ludzi z każdym wynikiem
Percentyl według liczby udzielonych odpowiedzi
Twoja historia wyników
Nie rozwiązałeś tego quizu